Welcome to CU Library Online Public Access Catalogue (OPAC)

White-hat security arsenal : (Record no. 8292)

MARC details
000 -LEADER
fixed length control field 00720cam a22002174a 4500
001 - CONTROL NUMBER
control field 12356045
005 - DATE AND TIME OF LATEST TRANSACTION
control field 20251121113304.0
008 - FIXED-LENGTH DATA ELEMENTS--GENERAL INFORMATION
fixed length control field 010323s2001 maua b 001 0 eng
020 ## - INTERNATIONAL STANDARD BOOK NUMBER
International Standard Book Number 0201711141
Qualifying information pbk.
020 ## - INTERNATIONAL STANDARD BOOK NUMBER
International Standard Book Number 9780201711141
Qualifying information (pbk.)
050 00 - LIBRARY OF CONGRESS CALL NUMBER
Classification number TK5105.59
Item number .R833 2001
082 00 - DEWEY DECIMAL CLASSIFICATION NUMBER
Classification number 005.8
Edition information 21
100 1# - MAIN ENTRY--PERSONAL NAME
Personal name Rubin, Aviel D.
245 10 - TITLE STATEMENT
Title White-hat security arsenal :
Remainder of title tackling the threats /
Statement of responsibility, etc. Aviel D. Rubin ; foreword by William R. Cheswick.
260 ## - PUBLICATION, DISTRIBUTION, ETC.
Place of publication, distribution, etc. Boston :
Name of publisher, distributor, etc. Addison-Wesley,
Date of publication, distribution, etc. c2001.
300 ## - PHYSICAL DESCRIPTION
Extent xxvii, 330 p. :
Other physical details ill. ;
Dimensions 24 cm.
650 #0 - SUBJECT ADDED ENTRY--TOPICAL TERM
Topical term or geographic name entry element Computer networks
General subdivision Security measures.
650 #0 - SUBJECT ADDED ENTRY--TOPICAL TERM
Topical term or geographic name entry element World Wide Web
General subdivision Security measures.
650 #0 - SUBJECT ADDED ENTRY--TOPICAL TERM
Topical term or geographic name entry element Web sites
General subdivision Security measures.
942 ## - ADDED ENTRY ELEMENTS (KOHA)
Source of classification or shelving scheme Library of Congress Classification
Koha item type Books
Suppress in OPAC No
999 ## -
-- 8292
-- 8292
Holdings
Withdrawn status Lost status Source of classification or shelving scheme Damaged status Not for loan Collection Home library Current library Shelving location Date acquired Total checkouts Full call number Barcode Date last seen Copy number Price effective from Koha item type
    Library of Congress Classification     Non-fiction Science Library (Miotso) Science Library (Miotso) General stacks 11/21/2025   TK5105.59 .R833 RUB SLM00005906 11/21/2025 1 11/21/2025 Books
© 2023-2024 Copyright: Central University Libraries. All Rights Reserved | Created by: Mahone Tech Office